| 000 | 00454nam a2200145 a 4500 | ||
|---|---|---|---|
| 001 | 000029077 | ||
| 005 | 20200930055321.0 | ||
| 008 | 110413s1988 dr 000 0 spa d | ||
| 040 |
_aDO-SdBNP _bspa _cBNPHU |
||
| 100 | 1 |
_aEspaillat G., Luis Ariel _955977 |
|
| 245 | 1 | 0 |
_aCronicas de viajes : _btras las huellas del Galileo / _cLuis Ariel Espaillat G. |
| 260 |
_a[Santo Domingo] : _bCosmo Travel, _c1988. |
||
| 300 |
_a11 p. : _bil. ; _c22 cm. |
||
| 049 | _aBNPD | ||
| 999 |
_c28569 _d28569 |
||